000 00838nam a2200253 i 4500
001 C2-0244344
003 PPAK
005 20220901114639.0
008 021126n my gr 000 0 may d
040 _aPPAK
_beng
_cPPAK
_erda
082 0 4 _a930.105112
_223
090 0 0 _a930.105112
_bNIK
_dKK
100 0 _aNik Hassan Shuhaimi bin Nik Abd. Rahman,
_eauthor.
245 1 0 _aPenemuan-penemuan arkeologi yang terkini di Sungai Mas, Kuala Muda, Kedah /
_cNik Hassan Shuhaimi bin Nik Abd. Rahman.
264 1 _aKedah :
_bMuzium Negeri Kedah ,
_c[date of publication not identified]
300 _a7 pages ;
_c30 cm
336 _atext
_2rdacontent
337 _aunmediated
_2rdamedia
338 _avolume
_2rdacarrier
500 _aKertas Kerja
650 1 0 _aArchaelogy
_zKedah
_zMalaysia.
651 0 _aKedah
_zMalaysia
942 _cWP
_2ddc
999 _c58569
_d58569